<?xml version="1.0" encoding="UTF-8"?>
<record
    xmlns:xsi="http://www.w3.org/2001/XMLSchema-instance"
    xsi:schemaLocation="http://www.loc.gov/MARC21/slim http://www.loc.gov/standards/marcxml/schema/MARC21slim.xsd"
    xmlns="http://www.loc.gov/MARC21/slim">

  <leader>00579nam a22002177a 4500</leader>
  <controlfield tag="001">2823</controlfield>
  <controlfield tag="003">BD-DhBUF</controlfield>
  <controlfield tag="005">20251124153031.0</controlfield>
  <controlfield tag="008">251124b        bg ||||| |||| 00| 0 ben d</controlfield>
  <datafield tag="020" ind1=" " ind2=" ">
    <subfield code="a">9789849957638</subfield>
  </datafield>
  <datafield tag="040" ind1=" " ind2=" ">
    <subfield code="a">BD-DhBUF</subfield>
    <subfield code="c">BD-DhBUF</subfield>
  </datafield>
  <datafield tag="100" ind1=" " ind2=" ">
    <subfield code="a">Mohiuddin, ABU Mohammad</subfield>
    <subfield code="9">4198</subfield>
  </datafield>
  <datafield tag="245" ind1=" " ind2=" ">
    <subfield code="a">Leadership impact on workplace energy /</subfield>
    <subfield code="c">ABU Mohammad Mohiuddin, </subfield>
  </datafield>
  <datafield tag="260" ind1=" " ind2=" ">
    <subfield code="a">Dhaka :</subfield>
    <subfield code="b">Kobi,</subfield>
    <subfield code="c">2025.</subfield>
  </datafield>
  <datafield tag="300" ind1=" " ind2=" ">
    <subfield code="a">131p. :</subfield>
    <subfield code="c">22cm. ;</subfield>
  </datafield>
  <datafield tag="526" ind1=" " ind2=" ">
    <subfield code="a">English</subfield>
  </datafield>
  <datafield tag="650" ind1=" " ind2=" ">
    <subfield code="a">Leadership</subfield>
    <subfield code="9">2194</subfield>
  </datafield>
  <datafield tag="650" ind1=" " ind2=" ">
    <subfield code="a">Workplace</subfield>
    <subfield code="9">4199</subfield>
  </datafield>
  <datafield tag="650" ind1=" " ind2=" ">
    <subfield code="a">Energy</subfield>
    <subfield code="9">4200</subfield>
  </datafield>
  <datafield tag="942" ind1=" " ind2=" ">
    <subfield code="2">ddc</subfield>
    <subfield code="c">BK</subfield>
  </datafield>
  <datafield tag="999" ind1=" " ind2=" ">
    <subfield code="c">2823</subfield>
    <subfield code="d">2823</subfield>
  </datafield>
  <datafield tag="952" ind1=" " ind2=" ">
    <subfield code="0">0</subfield>
    <subfield code="1">0</subfield>
    <subfield code="2">ddc</subfield>
    <subfield code="4">0</subfield>
    <subfield code="7">0</subfield>
    <subfield code="a">BUFTL</subfield>
    <subfield code="b">BUFTL</subfield>
    <subfield code="d">2025-11-24</subfield>
    <subfield code="l">0</subfield>
    <subfield code="o">658.4092 M6979l 2025</subfield>
    <subfield code="p">2025-0389</subfield>
    <subfield code="r">2025-11-24 15:31:00</subfield>
    <subfield code="t">C-1</subfield>
    <subfield code="w">2025-11-24</subfield>
    <subfield code="y">BK</subfield>
  </datafield>
</record>
